=LDR 00000nam 2200000 4500 =001 000717 =005 20250711034029 =035 ##$$a 0010-0725000585 =007 ta =008 250711################a##########0#ind## =020 ##$$a 978-623-307-468-1 =082 ##$$a 398.209 598 =084 ##$$a 398.209 598 WOR g =100 #$$a Wording dona =245 1#$$a Gadis kecil yang bermimpi /$c Dona wording =250 ##$$a Cetakan pertama =260 ##$$a Rawamangun :$b Badan pengembangan dan pusat bahasa,$c 2022 =300 ##$$a 24 hlm. : $b Ilus. ; $c 21 cm. =650 #4$$a Cerita anak indonesia-terjemahan =650 #4$$a Literasi-bahan bacaan =990 ##$$a TBM202400492 =990 ##$$a TBM2024006256